|
|
|
|
| LEADER |
00770cam a2200193 7i4500 |
| 001 |
0000067316 |
| 005 |
20220323090000.0 |
| 020 |
|
|
|a 9780786861323 (hardback)
|
| 090 |
0 |
0 |
|a HG179
|b .W35 1997
|
| 245 |
0 |
4 |
|a The Wall Street Journal lifetime guide to money :
|b everything you need to know about managing your finances--for every stage of life
|c by The Wall Street Journal's personal finance staff ; edited by C. Frederic Wiegold.
|
| 264 |
|
|
|a New York:
|b Hyperion,
|c 1997.
|
| 300 |
|
|
|a xix, 602 pages;
|c 21 cm.
|
| 336 |
|
|
|a text
|2 rdacontent
|
| 337 |
|
|
|a unmediated
|2 rdamedia
|
| 338 |
|
|
|a volume
|2 rdacarrier
|
| 650 |
|
0 |
|a Finance, Personal
|
| 700 |
1 |
|
|a Wiegold, C. Frederic
|
| 710 |
2 |
|
|a Wall Street Journal (Firm)
|
| 999 |
|
|
|a 0000070030
|b BOK
|c OPEN SHELF
|e 1st Floor, Bestari Jaya
|